01255nam a2200265 a 4500003000900000005001700009007000300026008004100029040002500070082002200095100003000117245010200147250001100249260007600260300002100336500004300357500011200400590002700512700004100539910001400580942001400594952017900608952018500787999001700972DO-SdBNP20220909092842.0ta110620s1951 dr r 000 e spa d aDO-SdBNPbspacBNPHU axxxxbN182e, 1951 aNanita, Wilfredo C95780510aEnsayo sobre el arte de la declamación /cWilfredo C. Nanita ; prólogo de Manuel Valldeperes. a2a ed. aCiudad Trujillo, República Dominicana :bImpresora Dominicana,c1951. a122 p. ;c22 cm. aIncluye notas al pie de las páginas. aDr. Wilfredo C. Nanita es profesor de Declamación del Liceo Música "Pablo Claudio" de San Cristóbal.  aInventariado, 2022/ YL1 aValldeperes, Manuel,epról.923258 aYLockward 2ddccLBS1 00102ddc51708PD-RVaBNPHUbBNPHUcHDd2011-06-20iLF1oxxxx N182e, 1951p31383-10r2020-06-25w2020-06-25yLBS1zPerteneció a la biblioteca personal de Martínez Boog. 00102ddc51708PD-RVaBNPHUbBNPHUcHDd2018-06-12iLF1oxxxx N182e, 1951p31383-20r2020-06-25te. 2w2020-06-25yLBS1zPerteneció a la biblioteca personal de Bárbara Suncar c30875d30875